| 000 | 00807nam a22001217a 4500 | ||
|---|---|---|---|
| 040 | _cRUA | ||
| 082 | _aRUA MEA 2013 C051 Or. | ||
| 100 | _aMEAS SOTHY, មាស សុទ្ធី | ||
| 245 | _aSeroprevace, Molecular Epidemiology , Vertical Transmission Of Bovine Retroviruses and Common Parasites,ការរកឃើញជំងឺ AIDS គោ ក្របីនៅកម្ពុជា អាស៊ី អាហ្វ្រីក អាមេរិកឡាទីន ការឆ្លងពីមេមកកូន និងការវិភាគសែនរបស់វាព្រមទាំងជំងឺបរាសិតសំខាន់ៗនៅប្រទេសកម្ពុជា | ||
| 260 |
_aPHNOM PENH _bRUA _c2013 |
||
| 300 |
_a277p. _bill. _c29cm. |
||
| 942 | _cសៀវភៅគោល | ||
| 999 |
_c25479 _d25479 |
||